| 000 | 01207nam0a22002651 4500 | ||
|---|---|---|---|
| 001 | rc\3265874 | ||
| 005 | 20260407215435.0 | ||
| 021 |
_aRU _b[75-21932] |
||
| 035 | _a(NLR Aleph) 007486001 | ||
| 090 |
_a7566958 _c7566958 |
||
| 100 | _a20130115d1974 |||y0rusy50 ca | ||
| 101 | 0 | _arus | |
| 102 | _aRU | ||
| 105 | _aa c ||||| | ||
| 200 | 1 | _aМетодические указания по нормированию оборотных средств и повышению их использования в домостроительных комбинатах и трестах жилищного строительства Минтяжстроя УССР | |
| 210 |
_aКиев _c[КиевЗНИИЭП] _d1974 |
||
| 215 |
_a170 с., 1 л. табл. _d20 |
||
| 320 | _aСписок лит.: с. 169 (13 назв.) | ||
| 606 |
_aДомостроительные комбинаты _xОборотные средства _2psbo |
||
| 710 | 0 | 1 |
_aУССР _bМинистерство строительства предприятий тяжелой индустрии _3RU\NLR\AUTH\8810145429 _9785200 |
| 801 | 0 |
_aRU _bNLR _gpsbo |
|
| 801 | 1 |
_aRU _bELAR _2rusmarc |
|
| 852 |
_aNLR _j75-3/950 |
||
| 942 | _cBOOK | ||
| 980 | _aNB | ||